Central Library OPAC University of Rajshahi

Issues in social ecology: human milieus / (Record no. 33989)

MARC details
000 -LEADER
fixed length control field 00940cam a2200301 4500
001 - CONTROL NUMBER
control field 33989
003 - CONTROL NUMBER IDENTIFIER
rucl marc code BD-RjUL
005 - DATE AND TIME OF LATEST TRANSACTION
control field 20211209052105.0
008 - FIXED-LENGTH DATA ELEMENTS--GENERAL INFORMATION
fixed length control field 140512t1974 caua b 000 0 eng
020 ## - INTERNATIONAL STANDARD BOOK NUMBER
International Standard Book Number 0874842662
-- 0874842654 (pbk.)
035 ## - SYSTEM CONTROL NUMBER
System control number (BD-RjUL)34081
040 ## - CATALOGING SOURCE
Original cataloging agency DLC
Transcribing agency DLC
Modifying agency DLC
-- BD-RjUL
Language of cataloging eng
041 ## - LANGUAGE CODE
Language code of text/sound track or separate title eng
082 00 - DEWEY DECIMAL CLASSIFICATION NUMBER
Classification number 301.31
Author mark and year MII 1974
100 1# - MAIN ENTRY--PERSONAL NAME
Personal name Milieus, Human
9 (RLIN) 103300
245 10 - TITLE STATEMENT
Title Issues in social ecology: human milieus /
Statement of responsibility, etc. Edited by Rudolf H. Moos and Paul M. Insel.
250 ## - EDITION STATEMENT
Edition statement [1st ed.]
260 ## - PUBLICATION, DISTRIBUTION, ETC. (IMPRINT)
Place of publication, distribution, etc. Palo Alto, Calif. :
Name of publisher, distributor, etc. National Press Books,
Date of publication, distribution, etc. 1974.
300 ## - PHYSICAL DESCRIPTION
Pagination xi, 616 p. :
Illustrations ill. ;
Size 23 cm.
504 ## - BIBLIOGRAPHY, ETC. NOTE
Bibliography, etc Includes bibliographies.
650 #0 - SUBJECT ADDED ENTRY--TOPICAL TERM
Topical term or geographic name as entry element Social ecology.
9 (RLIN) 46229
Topical term or geographic name as entry element Urban ecology (Sociology)
9 (RLIN) 53912
Topical term or geographic name as entry element Human beings
General subdivision Effect of environment on.
9 (RLIN) 103301
700 1# - ADDED ENTRY--PERSONAL NAME
Personal name Moos, Rudolf H.
942 ## - ADDED ENTRY ELEMENTS (KOHA)
Source of classification or shelving scheme Dewey Decimal Classification
Koha item type Books
Holdings
Lost status Source of classification or shelving scheme Damaged status Not for loan Collection code Permanent Location Current Location Shelving location Date acquired Source of acquisition Total Checkouts Full call number Date last seen Copy number Koha item type Cost, normal purchase price
  Dewey Decimal Classification     Non-fiction Central Library, University of Rajshahi Central Library, University of Rajshahi   05/09/1985 asia foundation   301.31 MII 1974 12/05/2014 C-2 Books  
  Dewey Decimal Classification   Not For Loan   Central Library, University of Rajshahi Central Library, University of Rajshahi Reading Room 09/06/1985 Asia Foundation   301.31 MII 1974 14/05/2014 C-1 Books 0.00